Sustainable construction :Company indicators (Record no. 101744)

MARC details
000 -LEADER
fixed length control field 00658cam a2200241 4500
008 - FIXED-LENGTH DATA ELEMENTS--GENERAL INFORMATION
fixed length control field 011024n2001 000 0 eng u
020 ## - INTERNATIONAL STANDARD BOOK NUMBER
International Standard Book Number 0860175634
035 ## - SYSTEM CONTROL NUMBER
System control number (Sirsi) u115274
050 ## - LIBRARY OF CONGRESS CALL NUMBER
Classification number 658.562
110 ## - MAIN ENTRY--CORPORATE NAME
Corporate name or jurisdiction name as entry element WS Atkins Consultants Ltd.
9 (RLIN) 3623
245 ## - TITLE STATEMENT
Title Sustainable construction :Company indicators
260 ## - PUBLICATION, DISTRIBUTION, ETC.
Place of publication, distribution, etc. London
Name of publisher, distributor, etc. CIRIA
Date of publication, distribution, etc. 2001
300 ## - PHYSICAL DESCRIPTION
Extent 74p. ; 30cm.
350 ## - PRICE (NR) (BK AM CF MU VM SE) [OBSOLETE]
Price 45.00
490 ## - SERIES STATEMENT
Series statement CIRIA
Volume/sequential designation C563
650 ## - SUBJECT ADDED ENTRY--TOPICAL TERM
Topical term or geographic name entry element BENCHMARKING
650 ## - SUBJECT ADDED ENTRY--TOPICAL TERM
Topical term or geographic name entry element HEALTH AND SAFETY
9 (RLIN) 6244
650 ## - SUBJECT ADDED ENTRY--TOPICAL TERM
Topical term or geographic name entry element KEY PERFORMANCE INDICATORS
650 ## - SUBJECT ADDED ENTRY--TOPICAL TERM
Topical term or geographic name entry element SUSTAINABLE CONSTRUCTION
650 ## - SUBJECT ADDED ENTRY--TOPICAL TERM
Topical term or geographic name entry element URBAN REGENERATION
690 ## - LOCAL SUBJECT ADDED ENTRY--TOPICAL TERM (OCLC, RLIN)
Topical term or geographic name as entry element BUILT ENVIRONMENT
942 ## - ADDED ENTRY ELEMENTS (KOHA)
Suppress in OPAC 0
Holdings
Withdrawn status Lost status Source of classification or shelving scheme Damaged status Not for loan Home library Current library Shelving location Date acquired Cost, normal purchase price Total Checkouts Full call number Barcode Date last seen Date last checked out Copy number Cost, replacement price Price effective from Koha item type
    Dewey Decimal Classification     London London Folio 24/10/2001 45.00 10 F658.562 WSA 30065027 06/08/2019 05/01/2005 1 45.00 06/08/2019 Book